000 00610nam a2200181Ia 4500
008 090630s9999 xx 000 0 und d
082 _b2252
100 _aजोशी चं. गु.
245 _aजीवनीतील अनेक नाती.
_cजोशी चं. गु.
260 _bप्रसाद.
_c1972
300 _a212
600 _aजोशी चं. गु.
630 _aजीवनीतील अनेक नाती.
655 _aइतर.
700 _aजोशी चं. गु.
730 _aजीवनीतील अनेक नाती.
942 _cBOOK
999 _c254108
_d254108